000 00453nam a22001577a 4500
005 20170107095114.0
008 170107b xxu||||| |||| 00| 0 eng d
020 _a9780771071058
040 _cPK-LaUMT
082 _a306
_bPOT-A
100 _aPotter, Andrew
245 _aThe authenticity hoax :
_bhow we get lost finding ourselves /
_cAndrew Potter
260 _aToronto, Ontario :
_bMcClelland & Stewart Ltd.
_c2010
300 _a296 p.
942 _cBK
999 _c89898
_d89898